000 00301nam a22001217a 4500
008 160523b xxu||||| |||| 00| 0 eng d
020 _a9780312472009
020 _a0312472005
041 _aeng
080 _a003.2
245 _aThe bedford introduction to literature:
_cMichael Meyer;
942 _2udc
_cBK
999 _c2381
_d2381